000 01078nam a2200289 a 4500
001 000027219
003 OSt
005 20201210123434.0
008 110330s1986 dr a 000 | spa d
040 _aDO-SdBNP
_bspa
_cBNPHU
082 _a972.94
_bL682p
_222
100 1 _aLeyburn, James G.
_954284
245 1 3 _aEl pueblo haitiano /
_cJames G. Leyburn.
260 _aSanto Domingo :
_bSociedad Dominicana de Bibliófilos,
_c1986.
300 _a372, [14] p. :
_bil. ;
_c23 cm.
490 1 _aSociedad Dominicana de Bibliófilos;
_aCultura dominicana
_v58
500 _aIncluye referencias bibliográficas y notas al pie de las páginas.
504 _aBibliografía : p. 373-382
590 _aInventariado, 2020 /LP
650 4 _aClases sociales
_zHaití
_916104
651 4 _aHaití
_xVida social y costumbres
_931061
651 4 _aHaití
_xCaracterísticas Nacionales
_954285
651 4 _aHaití
_xHistoria
_98418
830 0 _aSociedad Dominicana de Bibliófilos.
_pCultura dominicana
_n58
_954286
910 _aVMateo / Validado. Control de calidad MFF
942 _2ddc
_cLBS1
999 _c26711
_d26711